| 000 | 00689nam a2200229 a 4500 | ||
|---|---|---|---|
| 001 | BRCA_7191 | ||
| 005 | 20190320205738.0 | ||
| 008 | 160112s1932----sp-#######---#000-0#spa-# | ||
| 041 |
_aspa _hger |
||
| 044 | _asp | ||
| 050 | 4 |
_aDP143.6 _b.P4318 1932 |
|
| 100 | 1 |
_aPfandl, Ludwig _d1881 _917820 |
|
| 245 | 1 | 0 |
_aJuana la loca _bsu tiempo, su culpa _cLuis Pfandl; tr. del aleman por Felipe Villaverde. |
| 260 |
_aMadrid _bEspasa-Calpe _c1932 |
||
| 300 |
_a214 p. _c21 cm. |
||
| 500 | _aEstado físico: Encuadernación deteriorada | ||
| 500 | _aP84 | ||
| 600 | 1 | 4 |
_aJuana la loca, Reina de Castilla _d1479-1555 _917821 |
| 651 | 4 |
_aEspaña _xHistoria _94629 |
|
| 902 | _aGFM | ||
| 942 |
_2lcc _cB |
||
| 999 |
_c6872 _d6872 |
||